Countries by Official Language - Map Version - Statistics

General Stats
  • This quiz has been taken 3,478 times
    1,250 since last reset
  • The average score is 180 of 196
Answers on the Map
Answers color-coded by a green-red scale on the quiz's map according to % correct below.
 
Answer Stats
Answer % Correct
Antigua and Barbuda - English
99%
Australia - English
99%
Bahamas - English
99%
Barbados - English
99%
Belize - English
99%
Botswana - English
99%
Burundi - French, English, Kirundi
99%
Cameroon - French, English
99%
Canada - English, French
99%
Dominica - English
99%
Equatorial Guinea - Spanish, French, Portuguese
99%
Eswatini - English, Swazi
99%
Federated States of Micronesia - English
99%
Fiji - English, Hindi, Fijian
99%
Gambia - English
99%
Ghana - English
99%
Grenada - English
99%
Guyana - English
99%
India - English, Hindi
99%
Ireland - Irish, English
99%
Jamaica - English
99%
Kenya - English, Swahili
99%
Kiribati - English, Gilbertese
99%
Lesotho - English, Sotho
99%
Liberia - English
99%
Malawi - English, Chichewa
99%
Malta - English, Maltese
99%
Marshall Islands - English, Marshallese
99%
Mauritius - English, Morisien
99%
Namibia - English
99%
Nauru - English, Nauruan
99%
New Zealand - English, Maori
99%
Nigeria - English
99%
Pakistan - English, Urdu
99%
Palau - English, Palauan
99%
Papua New Guinea - English, Tok Pisin, Hiri Motu
99%
Philippines - English, Filipino
99%
Rwanda - French, English, Swahili, Kinyarwanda
99%
Samoa - English, Samoan
99%
Seychelles - French, English, Seselwa
99%
Sierra Leone - English
99%
Singapore - English, Mandarin, Malay, Tamil
99%
Solomon Islands - English
99%
South Africa - Afrikaans, English, Zulu, Xhosa, Venda, South Sotho, Tswana, North Sotho, Tsonga, Swati, Ndebele
99%
South Sudan - English
99%
St Kitts and Nevis - English
99%
St Lucia - English
99%
St Vincent and the Grenadines - English
99%
Sudan - English, Arabic
99%
Tanzania - English, Swahili
99%
Tonga - English, Tongan
99%
Trinidad and Tobago - English
99%
Tuvalu - English, Tuvaluan
99%
Uganda - English, Swahili
99%
United Kingdom - English
99%
United States - English
99%
Vanuatu - English, French, Bislama
99%
Zambia - English
99%
Zimbabwe - English, Shona, Xhosa, Venda, Chewa, South Sotho, Tswana, Tsonga, Tonga, Ndebele
99%
Argentina - Spanish
98%
Belgium - French, German, Dutch
98%
Bolivia - Castilian (Spanish), Aymara, Araona, Baure, Besiro, Canichana, Cavinena, Cayubaba, Chacobo, Chiman, Ese Ejja, Guarani, Guarasu'we, Guarayu, Itonama, Leco, Machajuyai-Kallawaya, Machineri, Maropa, Mojeno-Ignaciano, Mojeno-Trinitario, More, Moseten, Movima, Pacawara, Puquina, Quechua, Siriono, Tacana, Tapiete, Toromona, Uru-Chipaya, Weenhayek, Yaminawa, Yuki, Zamuco
98%
Chad - Arabic, French
98%
Chile - Spanish
98%
Colombia - Spanish
98%
Comoros - Arabic, French, Comorian
98%
Costa Rica - Spanish
98%
Cuba - Spanish
98%
Djibouti - Arabic, French
98%
Dominican Republic - Spanish
98%
Ecuador - Spanish, Quechua
98%
El Salvador - Spanish
98%
Guatemala - Spanish
98%
Honduras - Spanish
98%
Luxembourg - Luxembourgish, French, German
98%
Mexico - Spanish
98%
Nicaragua - Spanish
98%
Panama - Spanish
98%
Paraguay - Spanish, Guarani
98%
Peru - Spanish, Aymara, Quechua, Ashaninka
98%
Spain - Spanish
98%
Switzerland - German, French, Italian, Romansh
98%
Uruguay - Spanish
98%
Venezuela - Spanish
98%
Belarus - Russian, Belarussian
97%
Benin - French
97%
Burkina Faso - French
97%
Central African Republic - French, Sango
97%
Congo - French
97%
Democratic Republic of Congo - French
97%
France - French
97%
Gabon - French
97%
Guinea - French
97%
Haiti - French, Haitian Creole
97%
Ivory Coast - French
97%
Kazakhstan - Russian, Kazakh
97%
Kyrgyzstan - Russian, Kyrgyz
97%
Madagascar - French, Malagasy
97%
Mali - Bambara, Bobo, Bozo, Dogon, Fula, Hassaniya, Kassonke, Maninke, Minyanka, Senufo, Songhay, Soninke, Tamasheq
97%
Monaco - French
97%
Niger - French
97%
Russia - Russian
97%
Senegal - French
97%
Togo - French
97%
Austria - German
96%
Germany - German
96%
Liechtenstein - German
96%
Somalia - Somali, Arabic
96%
Algeria - Arabic, Berber
95%
Bahrain - Arabic
95%
Egypt - Arabic
95%
Iraq - Arabic, Kurdish
95%
Italy- Italian
95%
Jordan - Arabic
95%
Kuwait - Arabic
95%
Lebanon - Arabic
95%
Libya - Arabic
95%
Mauritania - Arabic
95%
Morocco - Arabic, Berber
95%
Oman - Arabic
95%
Qatar - Arabic
95%
San Marino - Italian
95%
Saudi Arabia - Arabic
95%
Syria - Arabic
95%
Tunisia - Arabic
95%
United Arab Emirates - Arabic
95%
Vatican City - Italian, Latin
95%
Yemen - Arabic
95%
Cyprus - Turkish, Greek
94%
Finland - Finnish, Swedish
94%
Angola - Portuguese
93%
Brazil - Portuguese
93%
Cape Verde - Portuguese
93%
China - Mandarin
93%
East Timor - Portuguese, Tetum
93%
Guinea Bissau - Portuguese
93%
Japan - Japanese
93%
Mozambique - Portuguese
93%
Portugal - Portuguese
93%
Sao Tome and Principe - Portuguese
93%
Sweden - Swedish
93%
Taiwan - Mandarin
93%
Netherlands - Dutch
92%
Suriname - Dutch
92%
Turkey - Turkish
92%
Greece - Greek
91%
North Korea - Korean
91%
Poland - Polish
91%
South Korea - Korean
91%
Bosnia and Herzegovina - Bosnian, Serbian, Croatian
90%
Denmark - Danish
90%
Kosovo - Serbian, Albanian
90%
Mongolia - Mongolian
90%
Moldova - Romanian
89%
Romania - Romanian
89%
Thailand - Thai
89%
Czechia - Czech, Slovak
88%
Croatia - Croatian
87%
Estonia - Estonian
87%
Vietnam - Vietnamese
87%
Latvia - Latvian
86%
North Macedonia - Macedonian, Albanian
86%
Norway - Norwegian, Sami
86%
Serbia - Serbian
86%
Brunei - Malay
85%
Iceland - Icelandic
85%
Indonesia - Indonesian
85%
Lithuania - Lithuanian
85%
Malaysia - Malay
85%
Slovakia - Slovak
85%
Ukraine - Ukrainian
85%
Albania - Albanian
84%
Bulgaria - Bulgarian
84%
Hungary - Hungarian
84%
Iran - Persian
83%
Georgia - Georgian
82%
Armenia - Armenian
81%
Laos - Lao
80%
Azerbaijan - Azerbaijani
75%
Uzbekistan - Uzbek
75%
Israel - Hebrew
72%
Turkmenistan - Turkmen
72%
Bangladesh - Bengali
71%
Myanmar - Burmese
69%
Tajikistan - Tajik
69%
Ethiopia - Afar, Amharic, Oromo, Somali, Tigrinya
66%
Nepal - Nepali
65%
Cambodia - Khmer
62%
Sri Lanka - Tamil, Sinhala
61%
Afghanistan - Pashto, Dari
54%
Slovenia - Slovene
52%
Montenegro - Montenegrin
51%
Andorra - Catalan
40%
Eritrea - Tigrinya
32%
Bhutan - Dzongkha
31%
Maldives - Dhivehi
20%
No matching quizzes found
Score Distribution
Percent of People with Each Score
Percentile by Number Answered
Your Score History
You have not taken this quiz since the last reset